| 000 | 01735nam a22003017a 4500 | ||
|---|---|---|---|
| 001 | 5132 | ||
| 003 | FISKH | ||
| 005 | 20250828104729.0 | ||
| 008 | 241107b cb ||||| |||| 00| 0 eng d | ||
| 020 | _a9780439944472 | ||
| 020 | _a9781407142647 | ||
| 040 |
_aFISKH _beng _cFISKH _dFISKH |
||
| 050 | _aQ163.A76 | ||
| 082 | _a612.82 | ||
| 100 | _aArnold, Nick | ||
| 245 |
_aBulging Brains / _cby Nick Arnold : illustrated by Tony De Saulles |
||
| 260 |
_aNew York : _bScholastic ; _c1999 . |
||
| 300 |
_a169 pages : _billustrations ; _c21 cm . |
||
| 490 | _aHorrible Science | ||
| 505 | _aV | ||
| 520 | _aCerebellum, lobes, neurons, nerves-these are what make up the brain, the most important organ of all. Did you know that a super-sophisticated computer is sitting right inside your skull? Or how about the fact that it's actually red and slimy? Whether you're taking a test in class, throwing a dodge ball during recess, playing video games at a friend's house, or even sleeping in your bed, you're using your brain. It controls both your motions and emotions, not to mention your speech, senses, digestion, and just about every other body function. We are our brains! But why are some people so smart and others so, well, brain dead? Mind-boggling brainiac Nick Arnold, the Aventis Prize-winning author of the Horrible Science series, relates information to kids with lively humor and never dumbs down the material. Narrator George K. Wilson taps into his higher brain functions to deliver a thoroughly captivating reading. | ||
| 521 | 8 |
_a870
_bLexile |
|
| 521 | 8 |
_aV
_bRaz-Plus |
|
| 650 |
_ahuman body _vnon-fiction |
||
| 700 |
_aSaulles, Tony De _eillustrator |
||
| 942 |
_2ddc _cBK _n0 |
||
| 999 |
_c5132 _d5132 |
||